| 000 | 00725nam a2200169Ia 4500 | ||
|---|---|---|---|
| 008 | 090711s9999 xx 000 0 und d | ||
| 082 | _b61317 | ||
| 100 | _aगाला ध. रा. / गाला धीरेन | ||
| 245 | _aनेत्ररक्षा आणि दृष्टिदोष निवारण | ||
| 260 | _c1987 | ||
| 300 | _a134 | ||
| 600 | _aगाला ध. रा. / गाला धीरेन | ||
| 630 | _aनेत्ररक्षा आणि दृष्टिदोष निवारण | ||
| 700 | _aगाला ध. रा. / गाला धीरेन | ||
| 730 | _aनेत्ररक्षा आणि दृष्टिदोष निवारण | ||
| 942 | _cBOOK | ||
| 999 |
_c309231 _d309231 |
||